| 000 | 00445nam a2200157 i 4500 | ||
|---|---|---|---|
| 001 | 82452 | ||
| 003 | ES-MaACL | ||
| 005 | 20230906174656.0 | ||
| 007 | t| | ||
| 008 | 041110s1935 cu ||||1| spa d | ||
| 100 | 1 |
_aIbarzábal, Pedro. _964984 |
|
| 245 | 1 | 3 |
_aEl problema negro _b: (ensayo de interpretación) / _cP. Ibarzabal. |
| 260 |
_aLa Habana : _b[s.n., _c1935] ( _fF. Verdugo) |
||
| 300 |
_a64 p. ; _c16 cm. |
||
| 852 |
_aES-MaACL _j1827-F-7 |
||
| 999 |
_c82452 _d82452 |
||